Juego de Tronos Quiz (Nivel 1) - Estadísticas

Estadísticas generales
  • Esta prueba ha sido intentada 1.165 veces
  • La puntuación promedio es 11 de 15
Estadísticas de respuestas
Hint Respuesta % Correcto
Emblema de la casa stark. Lobo huargo
94%
La capital de los 7 reinos. Desembarco del rey
80%
Primer esposo de Daenerys Targaryen. Khal Drogo
80%
Nombre de uno de los 3 dragones de Daenerys. Drogon, Rhaegal y Viserion
79%
Fue entrenada en Bravos por los "Hombres sin rostro" Arya Stark
77%
Asentamiento de la casa Lannsiter. Roca Casterly
74%
Conocido como el "Matarreyes". Jaime Lannster
72%
Madre de Jon Snow. Lyanna Stark
72%
Hermano de Robert y Renly Baratheon. Stannis Baratheon
70%
Fue asesinado por su hijo mientras estaba en el baño. Tywin Lannister
67%
Fue asesinado en la boda de su tio por romper una promesa. Robb Stark
65%
Murio asesinado en su propia boda. Joffrey Baratheon
63%
Hijo menor de Eddard y Catelyn Stark. Rickon Stark
61%
Comandante del ejercito de los muertos. El rey de la noche
60%
Reino que gobrierna la casa Martell. Dorne
59%
No se encontraron pruebas coincidentes
Distribución de puntuación
Porcentaje de gente con cada puntuación
Porcentaje por número respondido
Historial de tus puntuaciones
No has intentado esta prueba.